San Agustín : el hombre, el pastor, el místico /

San Agustín (354-430), obispo de Hipona, teólogo, filósofo y Padre de la Iglesia, nacido en Tagaste (Numidia), Argelia. Estudió gramática y literatura latina. Enseñó retórica en Cartago, Tagaste, Roma y Milán. Defensor del maniqueísmo, hasta antes de su conversión al cristianismo en el año 387. Desd...

Descrición completa

Gardado en:
Detalles Bibliográficos
Autor Principal: Trapè, Agostino (autor)
Formato: Libro
Idioma:Lingua castelá
Publicado: México : Porrúa, 2002, c2002
Edición:3a edición
Series:(Sepan Cuántos ; 550)
Temas:
Etiquetas: Engadir etiqueta
Sen Etiquetas, Sexa o primeiro en etiquetar este rexistro!

MARC

LEADER 00000nam^a2200000^a^4500
001 000326578
005 20250521000000.0
009 20260310113811.219
020 |a 970-07-3413-7 
037 |a Acervo ITESO - Biblioteca 
041 |a ESP 
082 |a 082.  |b POR V. 550 
100 |a Trapè, Agostino  |e (autor) 
245 1 0 |a San Agustín :  |b el hombre, el pastor, el místico /  |c A. Trapè ; presen. y tr. por Rafael Gallardo García. 
250 |a 3a edición 
264 4 |a México :  |b Porrúa,  |c 2002, c2002 
300 |a XI, 272 p. 
336 |a texto  |b txt  |2 rdacontenido 
337 |a sin mediación  |b n  |2 rdamedio 
338 |a volumen  |b nc  |2 rdasoporte 
440 1 |a (Sepan Cuántos ;  |v 550) 
520 |a San Agustín (354-430), obispo de Hipona, teólogo, filósofo y Padre de la Iglesia, nacido en Tagaste (Numidia), Argelia. Estudió gramática y literatura latina. Enseñó retórica en Cartago, Tagaste, Roma y Milán. Defensor del maniqueísmo, hasta antes de su conversión al cristianismo en el año 387. Desde una orientación neoplatónica, se sumerge en la búsqueda de la verdad, que lo encuentra en el interior del hombre. El fundamento de sus planteamientos están en la relación alma-Dios, teniendo al mundo exterior como mediador. Sus obras consideradas de mayor relevancia son Las confesiones, La ciudad de Dios y Sobre la Trinidad. 
649 |a XX 
650 |a Santos 
650 |a Padres de la Iglesia 
650 |a Vida Monástica y Religiosa 
650 |a Misticismo 
650 |a Espiritualidad 
650 |a Teología Doctrinal 
650 |a Patrística 
650 |a Neoplatónicos 
650 |a Filosofía Medieval 
650 |a Teología Doctrinal 
650 |a Iglesia -  |x Historia -  |y Primeros Tiempos 
650 |a Cristianismo -  |x Historia 
650 |a Religión -  |x Historia 
650 |a Filosofía y Religión 
650 |a Agustín,  |c Santo -  |x Tema Principal 
910 |a Fondo General 
920 |a Impresos - Libros 
930 |a Colección General 
940 |a Literatura 
905 |a 101 
901 |a 0500215285  |b IT1  |c LIT  |i C120795  |u 20250521 
902 |a https://opac.biblio.iteso.mx/vufind/Record/000326578